Česko-anglicko-německo-francouzský slovníček právních pojmů

Gespeichert in:
Bibliographische Detailangaben
Weitere Verfasser: Bakeš, Milan, Marková, Hana, Tuláček, Jan
Format: Buch
Sprache:Tschechisch
Englisch
Deutsch
Französisch
Veröffentlicht: Praha LINDE 2000
Ausgabe:2. upravené vyd.
Schlagworte:
Tags: Tag hinzufügen
Keine Tags, Fügen Sie das erste Tag hinzu!

MARC

LEADER 00000nam$a2200000$$$4500
001 0023068
005 20221207102552.4
020 |a 80-7201-225-8 
041 0 |a cze 
041 0 |a eng 
041 0 |a ger 
041 0 |a fre 
044 |a CZ 
245 1 0 |a Česko-anglicko-německo-francouzský slovníček právních pojmů  |c Sestavili a uspořádali: Milan Bakeš, Hana Marková, Jan Tuláček 
250 |a 2. upravené vyd. 
264 1 |a Praha  |b LINDE  |c 2000 
300 |a 162 s. 
610 2 0 |a právo 
610 2 0 |a terminológia 
610 2 0 |a jazyky cudzie 
610 2 0 |a jazykoveda 
700 1 |a Bakeš, Milan 
700 1 |a Marková, Hana 
700 1 |a Tuláček, Jan